00374nam a2200109 a 4500008004100000050002100041245003800062246006700100260006800167300002000235350000900255120416s1987 ||||||||||||||||| || u aHF 5549.5.J6 Mor10aMore evaluating training programs aa collection of articles from Training and Development Journal aAlexandria, VA.bAmerican Society for Training and Develoc1987 aiv, 279p. : ill a0.00